• 首页
  • 本馆介绍
  • 公告通知
  • 最新文献
  • 馆藏检索
  • 电子资源
  • 读者导购
  • 参考咨询
  • 我的图书馆
  • 登录
  • 详细信息显示
  • 放入我的书架
  • 预约/预借图书
  • 作者相关作品
  • 分类相关作品
  • 丛书相关作品
  • 出版社相关作品

书目信息

  • 表格格式
  • 工作单格式
  • 卡片格式
题名:
干细胞技术
    
 
作者: 卡尔森 编著
分册:  
出版信息: 北京   科学出版社  2012
页数: 21,402页
开本: 26cm
丛书名:
单 册:
中图分类: Q24
科图分类:
主题词: 干细胞--研究 , 干细胞
电子资源:
ISBN: 978-7-03-034446-5
000 01056nam0 2200265 45
001 1355390921
005 20130513144418.84
010    @a978-7-03-034446-5@b精装@dCNY136.00
100    @a20130108d2012 em y0chiy50 ea
101 0  @aeng@gchi
102    @aCN@b110000
105    @aa z 001yy
106    @ar
200 1  @a干细胞技术@AGan Xi Bao Ji Shu@dStem cell anthology@fBruce M.Carlson[编著]@FBruce M.Carlson[ Bian Zhu ]@zeng
210    @a北京@c科学出版社@d2012
215    @a21,402页@c图@d26cm
300    @a导读版
330    @a本书首先向读者介绍介绍干细胞生物学的基本概念,以及近年来鉴定出的种类繁多的干细胞类型;接着,从技术层面概要讲述了制备和使用干细胞的实验室操作规程;之后,介绍了再生医学领域干细胞生物学应用的现状;最后几章围绕着在临床治疗中如何获取干细胞及其应用问题,给出了伦理和监管方面的考虑。
510 1  @aStem cell anthology@zeng
606 0  @a干细胞@x研究
606 0  @a干细胞
690    @aQ24@v5
701  0 @g( )@a卡尔森@AKa Er Sen@g(Carlson, Bruce M.)@4编著
801    @aCN@bTANGWEI@c20130111
905    @b0830881-83@dQ24@e39@f3
    
    干细胞技术=Stem cell anthology/Bruce M.Carlson[编著].-北京:科学出版社,2012
    21,402页:图;26cm
    导读版
    
    ISBN 978-7-03-034446-5(精装):CNY136.00
    本书首先向读者介绍介绍干细胞生物学的基本概念,以及近年来鉴定出的种类繁多的干细胞类型;接着,从技术层面概要讲述了制备和使用干细胞的实验室操作规程;之后,介绍了再生医学领域干细胞生物学应用的现状;最后几章围绕着在临床治疗中如何获取干细胞及其应用问题,给出了伦理和监管方面的考虑。
●
相关链接 在E读中查询图书 在五车中查询图书 在当当中查询图书 在豆瓣中查询图书


正题名:干细胞技术     索取号:Q24/39         预约/预借

序号 登录号 条形码 馆藏地/架位号 状态 备注
1 0830881   208308810   第二样本阅览室/ [索取号:Q24/39] 在馆    
2 0830882   208308829   第三借阅区/ [索取号:Q24/39] 在馆    
3 0830883   208308838   第三借阅区/ [索取号:Q24/39] 在馆    
唐山师范学院图书馆 欢迎您!
大连网信软件有限公司© 版权所有